| 000 | 02134cac a22003855a 4500 | ||
|---|---|---|---|
| 999 |
_c8729 _d8729 |
||
| 003 | EG-ScBUE | ||
| 005 | 20200112124442.0 | ||
| 008 | 190725s2006 enk f b 001 0 eng d | ||
| 020 | _a1412902932 | ||
| 020 | _a9781412902939 | ||
| 035 | _a(OCoLC)ocm68968777 | ||
| 040 |
_aEG-ScBUE _beng _erda _cEG-ScBUE _dEG-ScBUE |
||
| 082 | 0 | 4 |
_a808.066001 _bTHO _222 |
| 100 | 1 |
_aThody, Angela, _eauthor. |
|
| 245 | 1 | 0 |
_aWriting and presenting research / _cAngela Thody. |
| 264 | 1 |
_aLondon ; _aThousand Oaks, California ; _aNew Delhi : _bSAGE Publications Ltd, _c2006. |
|
| 300 |
_axii, 264 pages ; _c24 cm. |
||
| 336 |
_2rdacontent _atext _btxt |
||
| 337 |
_2rdamedia _aunmediated _bn |
||
| 338 |
_2rdacarrier _avolume _bnc |
||
| 490 | 0 | _aSage study skills | |
| 500 | _aIncludes appendix. | ||
| 504 | _aIncludes bibliographical references and index. | ||
| 505 | 0 | _aConventions or alternatives? -- Principles for selecting appropriate writing and presentation styles -- Adapting to audience: adjusting for their aims -- Adapting to audience: adjusting for your purposes -- Arts and craft of writing -- Primary data -- Literature and methodology -- Quantified data -- Qualitative data -- Narrative data -- Beginnings and ends -- Citations: bibliographies, referencing, quotations, notes -- Becoming a presenter -- Getting into print -- Standing on the shoulders of giants: without violating their copyright -- Epilogue -- Appendix: research method for this book -- Bibliography. | |
| 520 | _a"This book presents a wide-ranging, introductory guide to the choices to be made in deciding how to communicate research findings in documents and presentations"--P. xv. | ||
| 590 | _anadeen magdy | ||
| 650 | 7 |
_aProposal writing in research. _2BUEsh |
|
| 650 | 7 |
_aReport writing. _2BUEsh |
|
| 650 | 7 |
_aTechnical writing _2BUEsh |
|
| 653 |
_bHHUUEENN _cJuly2019 |
||
| 655 | _vReading book | ||
| 856 | 4 | 2 |
_3Publisher description _uhttp://www.loc.gov/catdir/enhancements/fy0801/2005934768-d.html |
| 856 | 4 | 2 |
_3Table of contents only _uhttp://www.loc.gov/catdir/enhancements/fy0801/2005934768-t.html |
| 942 |
_cBB _k808.066001 THO _2ddc |
||